000 00589nam a2200205Ia 4500
003 IN-BaIIA
008 211028s9999 xx 000 0 eng d
020 _a0-07-023316-0
040 _cIIA Library
080 _a621
_bGIL
100 _aGiles, R. V.
_928478
245 0 _aSchaum's outline of fluid mechanics and hydralics
_cR. V. Giles
250 _a3rd ed.
260 _aNew York
_bMcGraw-Hill
_c1994
300 _axiii; 362p.
490 _aSchaum's Outline Series
650 _aFluid Mechanics
_91513
650 _aHydraulics
_928479
942 _cBK
999 _c15421
_d15421